000 00360cam a22001097a 4500
008 180718b xxu||||| |||| 00| 0 eng d
082 _aZ442x54 R311f
245 _aMulti agency approach in agricutural finance: report of the working group
_cby Reserve Bank of India
260 _aBombay
_bReserve Bank of India
_c
300 _a119+p.
700 _aReserve Bank of India
999 _c498110
_d498110